000
00258nam a22001217a 4500
040
_c
SY
082
_a
631
100
_a
BUNTONG BORARIN
245
_a
Total quality control of agricultural product
260
_a
RUA
_b
BUN
_c
2011
300
_a
421p.
942
_c
EK
999
_c
9903
_d
9903